书目信息 |
| 题名: |
向警予的故事
|
|
| 作者: | ;中共溆浦县委宣传部 编 | |
| 分册: | ||
| 出版信息: | 北京 中国少年儿童出版社 1979 |
|
| 页数: | 128页 | |
| 开本: | 19cm | |
| 丛书名: | ||
| 单 册: | ||
| 中图分类: | I287.51 , I247.8 , I247.8 | |
| 科图分类: | ||
| 主题词: | 小说--中国 | |
| 电子资源: | ||
| ISBN: | 7-5007-1026-7 | |
| 000 | 00665nam0 2200229 450 | |
| 001 | 1569877599 | |
| 005 | 20150124192506.98 | |
| 010 | @a7-5007-1026-7@dCNY1.40 | |
| 100 | @a20120905d1979 em y0chiy0121 ea | |
| 101 | 0 | @achi |
| 102 | @aCN@b110000 | |
| 105 | @aac z 000yy | |
| 200 | 1 | @a向警予的故事@9xiang jing yu de gu shi@f中共溆浦县委宣传部编 |
| 210 | @a北京@c中国少年儿童出版社@d1979 | |
| 215 | @a128页@c图, 肖像@d19cm | |
| 606 | 0 | @a小说@x中国 |
| 690 | @aI287.51@v5 | |
| 690 | @aI247.8@v5 | |
| 690 | @aI247.8@v4 | |
| 711 | 01 | @a中共溆浦县委宣传部@9zhong gong xu pu xian wei xuan chuan bu@4编 |
| 801 | 0 | @aCN@bTSSF@c20150124 |
| 905 | @aZUCC@dI247.8@eJY71 | |
| 向警予的故事/中共溆浦县委宣传部编.-北京:中国少年儿童出版社,1979 |
| 128页:图, 肖像;19cm |
| ISBN 7-5007-1026-7:CNY1.40 |
| ● |
| 相关链接 |
|
|
|
|
正题名:向警予的故事
索取号:I247.8/JY71
 
预约/预借
| 序号 | 登录号 | 条形码 | 馆藏地/架位号 | 状态 | 备注 |
| 1 | 7842511 | 278425116 | 学院路分馆/ [索取号:I247.8/JY71] | 在馆 |